00616nam a2200193 a 450000500170000000800410001702000180005805000250007610000200010124500530012126000340017430000100020844000260021850000190024465000130026365000110027699900190028795201160030620140412111234.0000829s19uu xx 00 eng d a0-7496-1204-5 aREF 030bFi44Se 1994 aWright, Lillian aFirst starts senses :cLillian Wright.bseeing / aLondon :bWatts Books,c1994. a32 p. aFirst Starts the Body aIncludes index aSciences aSenses c102340d102340 001040aELbELcREFd2000-08-29eLib. Fundl0oREF 030 Fi44Se 1994pE1431r2014-04-12 00:00:00w2014-04-12yBK